| 000 | 00493nam a2200145Ia 4500 | ||
|---|---|---|---|
| 008 | 231217s9999 xx 000 0 und d | ||
| 041 | _aEnglish | ||
| 082 | _a158.1 MAN;1 R | ||
| 100 | _aMannering, Karen | ||
| 245 | 0 | _aStaying ahead at work : how to develop a winning portfolio of work skills and attitudes | |
| 260 |
_c2002 _bJaico Publishing House, _aMumbai |
||
| 300 | _a124 | ||
| 650 | _astaying,at,work,(jobs,careers),:,develpo,winning,portfolio,work,skills,attitudes | ||
| 942 | _cAA | ||
| 999 |
_c170486 _d170486 |
||